Losowe niemieckie liczebniki 0-100 - Statystyki

Ogólne statystyki
  • Ten quiz został rozwiązany 423 razy
  • Średni wynik to 9 z 14
Statystyki odpowiedzi
Liczba Liczebnik % Poprawnych
8 acht
87%
85 fünfundachtzig
85%
5 fünf
84%
0 null
84%
2 zwei
84%
1 eins
83%
19 neunzehn
83%
53 dreiundfünfzig
81%
43 dreiundvierzig
80%
48 achtundvierzig
79%
4 vier
79%
92 zweiundneunzig
79%
54 vierundfünfzig
78%
52 zweiundfünfzig
78%
59 neunundfünfzig
77%
6 sechs
77%
96 sechsundneunzig
77%
98 achtundneunzig
76%
3 drei
76%
64 vierundsechzig
76%
23 dreiundzwanzig
75%
69 neunundsechzig
75%
90 neunzig
75%
82 zweiundachtzig
75%
62 zweiundsechzig
75%
88 achtundachtzig
74%
100 einhundert
74%
93 dreiundneunzig
73%
97 siebenundneunzig
73%
13 dreizehn
72%
25 fünfundzwanzig
72%
89 neunundachtzig
72%
26 sechsundzwanzig
72%
22 zweiundzwanzig
72%
83 dreiundachtzig
71%
51 einundfünfzig
71%
24 vierundzwanzig
71%
45 fünfundvierzig
70%
15 fünfzehn
70%
9 neun
70%
44 vierundvierzig
70%
30 dreißig
69%
91 einundneunzig
69%
27 siebenundzwanzig
69%
74 vierundsiebzig
69%
16 sechzehn
68%
57 siebenundfünfzig
68%
17 siebzehn
68%
14 vierzehn
68%
40 vierzig
68%
80 achtzig
67%
11 elf
67%
50 fünfzig
67%
46 sechsundvierzig
67%
10 zehn
67%
42 zweiundvierzig
67%
68 achtundsechzig
66%
94 vierundneunzig
66%
78 achtundsiebzig
65%
7 sieben
65%
71 einundsiebzig
64%
75 fünfundsiebzig
64%
84 vierundachtzig
64%
18 achtzehn
63%
61 einundsechzig
63%
95 fünfundneunzig
63%
99 neunundneunzig
63%
77 siebenundsiebzig
63%
58 achtundfünfzig
62%
63 dreiundsechzig
62%
73 dreiundsiebzig
62%
56 sechsundfünfzig
62%
12 zwölf
62%
29 neunundzwanzig
61%
66 sechsundsechzig
60%
60 sechzig
60%
20 zwanzig
60%
81 einundachtzig
58%
41 einundvierzig
58%
47 siebenundvierzig
57%
49 neunundvierzig
56%
28 achtundzwanzig
55%
65 fünfundsechzig
55%
76 sechsundsiebzig
55%
86 sechsundachtzig
54%
72 zweiundsiebzig
54%
70 siebzig
53%
34 vierunddreißig
53%
55 fünfundfünfzig
52%
87 siebenundachtzig
52%
21 einundzwanzig
50%
35 fünfunddreißig
48%
38 achtunddreißig
47%
67 siebenundsechzig
47%
31 einunddreißig
45%
39 neununddreißig
45%
79 neunundsiebzig
44%
32 zweiunddreißig
44%
33 dreiunddreißig
43%
36 sechsunddreißig
38%
37 siebenunddreißig
32%
Nie znaleziono quizów pasujących do podanych kryteriów
Rozkład punktacji
Procent ludzi z każdym wynikiem
Percentyl według liczby udzielonych odpowiedzi
Twoja historia wyników
Nie rozwiązałeś tego quizu